Effect of water spinach supplement on growing broiler at muckampoul district, kandal province, (ឥទ្ធិពលនៃការបន្ថែមត្រកួនស្រស់លើការលូតលាស់មាន់សាច់ នៅស្រុកមុខកំពូល ខេត្តកណ្ដាល) (Record no. 2749)

000 -LEADER
fixed length control field 00685nam a22001577a 4500
003 - CONTROL NUMBER IDENTIFIER
control field OSt
005 - DATE AND TIME OF LATEST TRANSACTION
control field 20151026155927.0
008 - FIXED-LENGTH DATA ELEMENTS--GENERAL INFORMATION
fixed length control field 151026b xxu||||| |||| 00| 0 eng d
040 ## - CATALOGING SOURCE
Transcribing agency RUA
082 ## - DEWEY DECIMAL CLASSIFICATION NUMBER
Classification number VMF HAM 2003 Or.1
100 ## - MAIN ENTRY--PERSONAL NAME
9 (RLIN) 2932
Personal name HAM ROSA
245 ## - TITLE STATEMENT
Title Effect of water spinach supplement on growing broiler at muckampoul district, kandal province, (ឥទ្ធិពលនៃការបន្ថែមត្រកួនស្រស់លើការលូតលាស់មាន់សាច់ នៅស្រុកមុខកំពូល ខេត្តកណ្ដាល)
260 ## - PUBLICATION, DISTRIBUTION, ETC. (IMPRINT)
Place of publication, distribution, etc. Phnom Penh
Name of publisher, distributor, etc. Rua
Date of publication, distribution, etc. 2003
300 ## - PHYSICAL DESCRIPTION
Extent viii; 37p.
Other physical details ill.
Dimensions 29cm.
942 ## - ADDED ENTRY ELEMENTS (KOHA)
Source of classification or shelving scheme
Koha item type VTF
Holdings
Price effective from Date last seen Permanent Location Not for loan Date acquired Source of classification or shelving scheme Koha item type Lost status Withdrawn status Total Renewals Date last checked out Total Checkouts Shelving location Damaged status Barcode Current Location Full call number
2015-10-262019-03-06Library Block B 2015-10-26 VTF  12019-03-042B112 RUA016680Library Block BVTF HAM 2003 B112 Or.1
2015-10-262015-10-26Library Block B 2015-10-26 VTF     B112 RUA016896Library Block BVTF HAM 2003 B112 Or.2
2015-10-262015-10-26Library Block B 2015-10-26 VTF     B112 RUA016607Library Block BVTF HAM 2003 B112 Or.3
2015-10-262015-10-26Library Block B 2015-10-26 VTF     B112 RUA016752Library Block BVTF HAM 2003 B112 Or.4
2015-10-262015-10-26Library Block B 2015-10-26 VTF     B112 RUA016959Library Block BVTF HAM 2003 B112 Or.5
មជ្ឈមណ្ឌលឯការនៃសាកលវិទ្យាល័យភូមិន្ទកសិកម្មចំការដូង

Powered by Koha